000 00605nam a22001937a 4500
003 OSt
005 20120302151735.0
008 091127t xxu||||| |||| 00| 0 eng d
020 _a81-237-2198-6
035 _a१७२८५
040 _cमराठी
100 _aदास, मनोज
_910607
245 _aसुरस गोष्टी
250 _a८ वी
260 _aदिल्ली
_bनॅशनल बुक ट्रस्ट
_c२००३
300 _b६४ पाने
700 _aभागवत, लीलावती - अनु.
_910608
942 _2ddc
_cBOOK
999 _c495288
_d495285